00867nam a2200241 a 450000100060000000300080000600500170001400800410003103500190007204000320009104100080012308200270013110000260015824500860018425000120027026000700028230000340035250400510038665000360043794200120047399900170048595201230050278213BD-RjUL20211209083114.0210816s1952 ny a b 000 0 eng  a(BD-RjUL)78439 aDLCcDLCdDLCdBD-RjULbeng aeng00223a531.1133bCOW 1952 a Coulson, C A916793500aWaves :ba mathematical account of the common types of wave motion /cC A Coulson a6th ed. aNew York :bInterscience publishers;bOliver and Boyd ltd.,c1952 axii, 159 p. :bill. ;c19 cm. aIncludes bibliographical references and index. 0aAcoustic surface waves.9167923 2ddccBK c78213d78213 00102ddc40718NFICaRUCLbRUCLcReadingd2021-08-16l0o531.1133 COW 1952r2021-08-16 00:00:00tC-1w2021-08-16yBK